000 00320nam a22001337a 4500
008 170620b xxu||||| |||| 00| 0 eng d
020 _a081831861
041 _aeng
080 _a32
100 _a20
101 _aSHP
245 _aTRANSITION FROM AUTHORITARIAN RULE LATIN AMERICA
_cO DONEILL.G
942 _2udc
_cBK
999 _c18219
_d18219